| 000 | 00469nam a22001697a 4500 | ||
|---|---|---|---|
| 003 | OSt | ||
| 005 | 20241104151952.0 | ||
| 008 | 241104b |||||||| |||| 00| 0 eng d | ||
| 020 | _a978119648550 | ||
| 040 |
_aSRHU _bEnglish _cJaypee Brothers Medical Publishers |
||
| 082 | _22nd | ||
| 245 |
_aHand Book of Forensic Medicine Vol 1 _c Madea,Burkhard |
||
| 250 | _a2nd | ||
| 260 |
_aU K _bWiley _c2024 |
||
| 300 |
_axxxii,605p _c28cm |
||
| 942 |
_2ddc _cFM _e2nd |
||
| 999 |
_c19197 _d19197 |
||